[Event "I LIGA CS 2016"]
[Site "Kragujevac"]
[Date "2016.09.13"]
[Round "5.1"]
[White "Zajic, Milan"]
[Black "Enchev, Ivajlo"]
[Result "1/2-1/2"]
[WhiteElo "2483"]
[BlackElo "2451"]
[PlyCount "138"]
[EventDate "2016.??.??"]

1. e4 d5 2. exd5 Qxd5 3. Nc3 Qd6 4. d4 Nf6 5. Nb5 Qd8 6. c4 c6 7. Nc3 Bg4 8.
Be2 Bxe2 9. Ngxe2 e6 10. O-O Bd6 11. h3 O-O 12. Bg5 Nbd7 13. Qc2 Qa5 14. c5 Be7
15. b4 Qd8 16. Bf4 Nd5 17. Nxd5 exd5 18. b5 Bf6 19. Rab1 Qc8 20. a4 Re8 21. Rb4
Nf8 22. Rfb1 Ne6 23. Bg3 g6 24. Qd3 b6 25. cxb6 axb6 26. Rc1 c5 27. dxc5 Nxc5
28. Qf3 Qd8 29. Nd4 Bg5 30. Rd1 Rxa4 31. Rxa4 Nxa4 32. Nc6 Qf6 33. Qxf6 Bxf6
34. Rxd5 Nc3 35. Rd7 Nxb5 36. Rb7 Re6 37. Rxb6 Nc3 38. Ra6 Kg7 39. Kh2 Re2 40.
Nb4 h5 41. h4 Ne4 42. Nd5 Bd4 43. Nf4 Rd2 44. Nh3 Bxf2 45. Nxf2 Nxf2 46. Bxf2
Rxf2 47. Kg3 Rd2 48. Kf3 Rd3+ 49. Kf2 Kf8 50. Ra7 Ke8 51. g3 Rd7 52. Ra6 Ke7
53. Kf3 Rd6 54. Ra5 Ke6 55. Kf4 Rd4+ 56. Kf3 Rd5 57. Ra4 Ke5 58. Re4+ Kd6 59.
Ra4 Rc5 60. Ra7 Rc3+ 61. Kf4 Rc4+ 62. Kf3 Ke6 63. Ra6+ Kf5 64. Ra5+ Kf6 65.
Ra6+ Kg7 66. Ra7 Rg4 67. Ra6 f5 68. Ra7+ Kh6 69. Rf7 Rb4 1/2-1/2

[Event "I LIGA CS 2016"]
[Site "Kragujevac"]
[Date "2016.09.13"]
[Round "5.2"]
[White "Radovanovic, Nikola"]
[Black "Djordjevic, Vuk"]
[Result "1-0"]
[WhiteElo "2396"]
[BlackElo "2416"]
[PlyCount "145"]
[EventDate "2016.??.??"]
[WhiteClock "0:06:10"]
[BlackClock "0:02:47"]

1. Nf3 d5 2. g3 c5 3. Bg2 Nc6 4. O-O Nf6 5. d3 e6 6. Nbd2 Be7 7. e4 O-O 8. e5
Nd7 9. Re1 Qc7 10. Qe2 b5 11. Nf1 b4 12. h4 a5 13. N1h2 Ba6 14. h5 a4 15. h6 g6
16. Ng4 Nd4 17. Qd1 Nxf3+ 18. Qxf3 c4 19. d4 c3 20. bxc3 Qxc3 21. Qxc3 bxc3 22.
Bf1 Rfb8 23. Re3 Bb4 24. Bxa6 Rxa6 25. Kf1 Ba5 26. Ke2 Rab6 27. Ba3 Rb1 28.
Rxb1 Rxb1 29. Rd3 Rb8 30. Rd1 f5 31. exf6 Bd8 32. Kd3 Bxf6 33. Kxc3 Kf7 34. Kd3
Rb5 35. c3 Nb6 36. Nxf6 Kxf6 37. Re1 Nc4 38. Bb4 e5 39. f3 Nb2+ 40. Kc2 Nc4 41.
dxe5+ Nxe5 42. f4 Nc6 43. Bd6 d4 44. g4 Rd5 45. Ba3 d3+ 46. Kd2 g5 47. c4 Rd7
48. Bb2+ Kf7 49. fxg5 Nb4 50. a3 Nc2 51. Re5 Kg6 52. Rd5 Rb7 53. Bc1 Na1 54.
Kxd3 Rb3+ 55. Ke4 Rb7 56. Rd6+ Kf7 57. c5 Re7+ 58. Kd5 Re1 59. Bb2 Nb3 60. Rd7+
Ke8 61. Rxh7 Rd1+ 62. Kc6 Rb1 63. Be5 Rc1 64. Bd6 Nd4+ 65. Kd5 Rd1 66. Re7+ Kd8
67. h7 Nb5+ 68. Ke5 Rh1 69. Rg7 Nc3 70. Rg8+ Kd7 71. h8=Q Nd5 72. Rg7+ Kc6 73.
Qe8# 1-0

[Event "I LIGA CS 2016"]
[Site "Kragujevac"]
[Date "2016.09.13"]
[Round "5.3"]
[White "Brankovic, Dejan"]
[Black "Zlatanovic, Boroljub"]
[Result "1/2-1/2"]
[WhiteElo "2352"]
[BlackElo "2392"]
[PlyCount "27"]
[EventDate "2016.??.??"]
[WhiteClock "0:32:54"]
[BlackClock "0:55:33"]

1. Nf3 Nf6 2. c4 g6 3. g3 Bg7 4. Bg2 O-O 5. Nc3 d6 6. O-O Nc6 7. d4 e5 8. dxe5
Nxe5 9. b3 Nxf3+ 10. Bxf3 Bh3 11. Re1 c6 12. Bb2 d5 13. cxd5 Nxd5 14. Qc1
1/2-1/2

[Event "I LIGA CS 2016"]
[Site "Kragujevac"]
[Date "2016.09.13"]
[Round "5.4"]
[White "Novoselski, Zoran"]
[Black "Gajic, Mladen"]
[Result "0-1"]
[WhiteElo "2323"]
[BlackElo "2346"]
[PlyCount "108"]
[EventDate "2016.??.??"]
[WhiteClock "0:10:24"]
[BlackClock "0:33:43"]

1. Nf3 g6 2. e4 Bg7 3. d4 c6 4. Nc3 d5 5. h3 Nf6 6. Bd3 dxe4 7. Nxe4 Nxe4 8.
Bxe4 Bf5 9. Bxf5 Qa5+ 10. Qd2 Qxf5 11. O-O O-O 12. Qb4 Qd7 13. Ne5 Bxe5 14.
dxe5 Na6 15. Qh4 Rfe8 16. Bg5 Rad8 17. Rae1 Nc5 18. Be3 Ne6 19. Bxa7 c5 20. Bb6
Ra8 21. b4 Qc6 22. Bxc5 Nxc5 23. bxc5 Rxa2 24. c4 Qxc5 25. e6 f6 26. Re4 Rd8
27. Qh6 Rxf2 28. Rxf2 Rd1+ 29. Kh2 Qxf2 30. Qe3 Qxe3 31. Rxe3 b6 32. Re4 f5 33.
Re5 Kg7 34. g4 Kf6 35. Rb5 Rd6 36. Kg3 Rxe6 37. c5 bxc5 38. Rxc5 Re3+ 39. Kf4
Re4+ 40. Kf3 h5 41. gxh5 gxh5 42. Rc8 Ra4 43. Rh8 Ra3+ 44. Kg2 Kg5 45. Re8 Re3
46. Kf2 Kf4 47. h4 e5 48. Rh8 Rf3+ 49. Ke2 e4 50. Rxh5 Rh3 51. Kf2 e3+ 52. Kf1
Rh1+ 53. Ke2 Rh2+ 54. Ke1 Ke5 0-1

[Event "I LIGA CS 2016"]
[Site "Kragujevac"]
[Date "2016.09.13"]
[Round "5.5"]
[White "Mladenovic, Stefan"]
[Black "Radovic, Janko"]
[Result "1/2-1/2"]
[WhiteElo "2273"]
[BlackElo "2258"]
[PlyCount "85"]
[EventDate "2016.??.??"]
[WhiteClock "0:17:49"]
[BlackClock "0:20:06"]

1. d4 Nf6 2. Nf3 e6 3. e3 c5 4. Bd3 d5 5. b3 Nc6 6. Bb2 Be7 7. a3 O-O 8. Nbd2
b6 9. O-O Bb7 10. c4 dxc4 11. bxc4 Rc8 12. Qe2 Qc7 13. Rfd1 Rfd8 14. Rac1 cxd4
15. exd4 Qf4 16. Nf1 Bf8 17. Ne3 Na5 18. d5 Nb3 19. Rb1 Nc5 20. Bc2 Nce4 21.
Rd4 exd5 22. cxd5 Re8 23. Nd2 Bc5 24. Rxe4 Nxe4 25. Nxe4 Rxe4 26. Bxe4 Qxe4 27.
Rd1 Bd6 28. Qh5 Re8 29. Qf5 Bc8 30. Qg5 Qg6 31. Qxg6 hxg6 32. Nc4 Bc5 33. h3
Rd8 34. Be5 Ba6 35. Ne3 Rd7 36. d6 f6 37. Bg3 Kf7 38. Nd5 Bb7 39. Nc7 g5 40. a4
Bb4 41. Nb5 Bc6 42. Nc7 f5 43. Na6 1/2-1/2

[Event "I LIGA CS 2016"]
[Site "Kragujevac"]
[Date "2016.09.13"]
[Round "5.6"]
[White "Radovic, Luka"]
[Black "Ivic, Matija"]
[Result "1/2-1/2"]
[WhiteElo "2254"]
[BlackElo "2156"]
[PlyCount "46"]
[EventDate "2016.??.??"]
[WhiteClock "0:21:13"]
[BlackClock "0:25:40"]

1. c4 c5 2. Nf3 Nf6 3. d4 g6 4. Nc3 cxd4 5. Nxd4 Bg7 6. e4 d6 7. Be2 Nc6 8. Be3
O-O 9. O-O Bd7 10. Qd2 Nxd4 11. Bxd4 Bc6 12. f3 a5 13. b3 Nd7 14. Be3 Nc5 15.
Rac1 Be5 16. Nd1 e6 17. Nf2 Qe7 18. Rfd1 Rfd8 19. Qe1 f5 20. exf5 gxf5 21. Bf1
b6 22. Nd3 Bf6 23. Nf4 Be5 1/2-1/2

[Event "I liga CS 2016."]
[Site "Kragujevac,hotel Sumarice"]
[Date "2016.09.13"]
[Round "5.2"]
[White "Pikula, Dejan"]
[Black "Ivanov, Mikhail M"]
[Result "1/2-1/2"]
[WhiteElo "2433"]
[BlackElo "2393"]
[PlyCount "28"]
[EventDate "2016.09.10"]

1. e4 e5 2. Bc4 Nc6 3. Nf3 Bc5 4. c3 d6 5. d4 exd4 6. cxd4 Bb6 7. h3 Nf6 8. Nc3
O-O 9. O-O Nxe4 10. Nxe4 d5 11. Bg5 Qd7 12. Nc5 Bxc5 13. dxc5 dxc4 14. Bf4 Qe7
1/2-1/2

[Event "I liga CS 2016."]
[Site "Kragujevac,hotel Sumarice"]
[Date "2016.09.13"]
[Round "5.2"]
[White "Radovanovic, Jovica"]
[Black "Brkljaca, Ante"]
[Result "1-0"]
[WhiteElo "2351"]
[BlackElo "2296"]
[PlyCount "64"]
[EventDate "2016.09.10"]

1. d4 Nf6 2. Nf3 e6 3. c4 d5 4. g3 dxc4 5. Bg2 Bd7 6. Ne5 Bc6 7. Nxc6 Nxc6 8.
O-O Be7 9. Qa4 O-O 10. e3 Nd5 11. Qxc4 Qd7 12. Nc3 Rfd8 13. Rd1 Rab8 14. Bd2 f5
15. Rac1 Bb4 16. Nxd5 exd5 17. Bxd5+ Qxd5 18. Bxb4 Qxc4 19. Rxc4 Rd5 20. Bc3
Re8 21. Kg2 Kf7 22. Re1 Re6 23. Bd2 h5 24. h4 a5 25. Rec1 g6 26. a3 Red6 27. f3
Ke7 28. Bc3 Rd7 29. e4 fxe4 30. fxe4 R5d6 31. d5 Nd8 32. Be5 c6 1-0

[Event "I liga CS 2016."]
[Site "Kragujevac,hotel Sumarice"]
[Date "2016.09.13"]
[Round "5.2"]
[White "Jovanovic, Sasa M"]
[Black "Begus, Drasko"]
[Result "1/2-1/2"]
[WhiteElo "2244"]
[BlackElo "2287"]
[PlyCount "20"]
[EventDate "2016.09.10"]

1. c4 Nf6 2. Nc3 d6 3. g3 g6 4. Bg2 Bg7 5. d3 O-O 6. e3 c6 7. Nge2 Na6 8. O-O
Bd7 9. Rb1 Nc7 10. b4 d5 1/2-1/2

[Event "I liga CS 2016."]
[Site "Kragujevac,hotel Sumarice"]
[Date "2016.09.13"]
[Round "5.2"]
[White "Pantelic, Sasa"]
[Black "Lekic, Miodrag"]
[Result "1-0"]
[WhiteElo "2316"]
[BlackElo "2240"]
[PlyCount "73"]
[EventDate "2016.09.10"]

1. d4 Nf6 2. c4 g6 3. Nc3 Bg7 4. e4 d6 5. f3 c6 6. Be3 a6 7. Bd3 Nbd7 8. Nge2
b5 9. Qd2 e5 10. d5 cxd5 11. cxd5 O-O 12. O-O Bb7 13. b4 Nb6 14. a4 Nc4 15.
Bxc4 bxc4 16. a5 Nd7 17. Na4 f5 18. Nb6 Nxb6 19. Bxb6 Qe7 20. Nc3 f4 21. Qe2
Rac8 22. Rfc1 Qd7 23. Rc2 g5 24. Rac1 Bf6 25. Nd1 Bd8 26. Bxd8 Rfxd8 27. Nb2 h5
28. Nxc4 Qb5 29. Qe1 Qe8 30. Nb6 Rxc2 31. Rxc2 Qf7 32. Qc3 Re8 33. Qc7 Re7 34.
Qxd6 g4 35. Qd8+ Kg7 36. d6 Re8 37. Qg5+ 1-0

[Event "I liga CS 2016."]
[Site "Kragujevac,hotel Sumarice"]
[Date "2016.09.13"]
[Round "5.2"]
[White "Vojinovic, Luka"]
[Black "Jesic, Dusan"]
[Result "0-1"]
[WhiteElo "2152"]
[BlackElo "2348"]
[PlyCount "116"]
[EventDate "2016.09.10"]

1. d4 Nf6 2. c4 g6 3. Nc3 Bg7 4. e4 d6 5. Bd3 O-O 6. Nge2 Nfd7 7. O-O Nc6 8.
Be3 e5 9. d5 Nd4 10. Bb1 c5 11. dxc6 bxc6 12. Nxd4 exd4 13. Bxd4 Ne5 14. c5 Ba6
15. Re1 dxc5 16. Bxc5 Qh4 17. Re3 Rfd8 18. Qe1 Nc4 19. Rh3 Qg5 20. Be3 Qa5 21.
Bc2 Nxb2 22. Na4 Qe5 23. f4 Qe8 24. e5 Nc4 25. Bc5 Bc8 26. Rd3 Be6 27. Rad1
Rdb8 28. Bb3 Nb6 29. Bd6 Rd8 30. Nc3 Nc4 31. Bxc4 Bxc4 32. Rd4 Qe6 33. Qe4 Bxa2
34. Qe2 Bb3 35. Rf1 c5 36. f5 gxf5 37. Rdf4 Rxd6 38. exd6 Bd4+ 39. Kh1 Bc4 40.
Qf3 Rd8 41. Rc1 Qe3 42. Qxe3 Bxe3 43. Rxc4 Bxc1 44. Nb5 a6 45. Nc7 Be3 46. Nd5
Bg5 47. Rxc5 Rxd6 48. g3 Bd8 49. Nf4 a5 50. Rxf5 Ra6 51. Rd5 Ra8 52. Rd2 a4 53.
Nd5 a3 54. Ra2 Kg7 55. Kg2 Ra5 56. Ne3 Bg5 57. Nc2 Bc1 58. Kf3 Rc5 0-1

[Event "I liga CS 2016."]
[Site "Kragujevac,hotel Sumarice"]
[Date "2016.09.13"]
[Round "5.2"]
[White "Misic, Dragan"]
[Black "Vlajkovic, Stanko"]
[Result "1/2-1/2"]
[WhiteElo "2262"]
[BlackElo "1959"]
[PlyCount "103"]
[EventDate "2016.09.10"]

1. d4 d5 2. Nf3 Nf6 3. g3 g6 4. Bg2 Bg7 5. O-O O-O 6. Nbd2 Nbd7 7. c4 c6 8. e3
Re8 9. b3 a5 10. Bb2 a4 11. Qc1 e6 12. c5 b6 13. b4 bxc5 14. bxc5 Ba6 15. Re1
Qc7 16. Qc3 Rab8 17. Rab1 Ne4 18. Qa3 f5 19. Bf1 Bxf1 20. Rxf1 Qa5 21. Nxe4
fxe4 22. Bc3 Qa6 23. Ng5 Rb5 24. Rbd1 h6 25. Nh3 g5 26. Kg2 Rb7 27. Ng1 Rf8 28.
Rb1 Rfb8 29. Rbc1 Nf6 30. h3 h5 31. Rce1 g4 32. h4 Ne8 33. Ne2 Bh6 34. Qc1 Ng7
35. Qd2 Nf5 36. Rd1 a3 37. Rc1 Qa4 38. Rc2 Rb1 39. Rxb1 Rxb1 40. Rc1 Rb5 41.
Ba1 Rb7 42. Re1 Qc4 43. Qa5 Qb5 44. Qxa3 Rf7 45. Qb3 Qa6 46. Qb8+ Kg7 47. Nc3
Bxe3 48. Qe5+ Kh7 49. Qxe6 Nxh4+ 50. gxh4 Rxf2+ 51. Kh1 Rf1+ 52. Kg2 1/2-1/2

[Event "I LIGA CS 2016"]
[Site "Kragujevac"]
[Date "2016.09.13"]
[Round "5.7"]
[White "Ratkovic, Miloje"]
[Black "Chatalbashev, Boris"]
[Result "1-0"]
[WhiteElo "2414"]
[BlackElo "2542"]
[PlyCount "77"]
[EventDate "2016.??.??"]
[WhiteClock "0:02:05"]
[BlackClock "0:01:07"]

1. d4 Nf6 2. c4 g6 3. Nc3 d5 4. Bg5 Ne4 5. h4 c6 6. Nxe4 dxe4 7. Qd2 Bg7 8.
O-O-O h6 9. Bf4 Nd7 10. f3 Nf6 11. Be5 h5 12. e3 Bf5 13. Ne2 O-O 14. Ng3 Qd7
15. Bxf6 exf6 16. fxe4 Bg4 17. Be2 c5 18. dxc5 Qc8 19. Kb1 Re8 20. Rhf1 Re5 21.
Rf4 Bxe2 22. Nxe2 Rxc5 23. Nc3 Rxc4 24. g4 hxg4 25. h5 gxh5 26. Rh1 f5 27. Rxf5
Rxe4 28. Rfxh5 Re5 29. Qd3 Rxh5 30. Rxh5 Qe6 31. Rg5 Re8 32. e4 Kf8 33. Ka1 Qh6
34. Qe3 Qh1+ 35. Nb1 Rc8 36. Qa3+ Kg8 37. Rxg4 Qd1 38. Qg3 Qd4 39. e5 1-0

[Event "I LIGA CS 2016"]
[Site "Kragujevac"]
[Date "2016.09.13"]
[Round "5.8"]
[White "Mijailovic, Zoran"]
[Black "Milanovic, Slavisa"]
[Result "1/2-1/2"]
[WhiteElo "2411"]
[BlackElo "2395"]
[PlyCount "32"]
[EventDate "2016.??.??"]
[WhiteClock "0:47:03"]
[BlackClock "0:27:55"]

1. d4 Nf6 2. c4 e6 3. Nf3 Bb4+ 4. Bd2 Qe7 5. Nc3 b6 6. e3 Bb7 7. Bd3 O-O 8. O-O
Bxc3 9. Bxc3 Ne4 10. Be1 f5 11. Nd2 c5 12. f3 Nxd2 13. Qxd2 Nc6 14. Bf2 Qf6 15.
Be2 d6 16. Rfd1 e5 1/2-1/2

[Event "I LIGA CS 2016"]
[Site "Kragujevac"]
[Date "2016.09.13"]
[Round "5.10"]
[White "Nadj Hedjesi, Balind"]
[Black "Ivanovic, Dragutin"]
[Result "1-0"]
[WhiteElo "2311"]
[BlackElo "2291"]
[PlyCount "81"]
[EventDate "2016.??.??"]
[WhiteClock "0:35:56"]
[BlackClock "0:34:50"]

1. Nf3 d5 2. d4 Bf5 3. Bf4 e6 4. e3 Nf6 5. c4 Bxb1 6. Qa4+ Nc6 7. Rxb1 Bb4+ 8.
Ke2 Qd7 9. Qc2 dxc4 10. Qxc4 Nd5 11. Bg3 f5 12. Ne5 Nxe5 13. Bxe5 Bd6 14. f4
Bxe5 15. dxe5 Rd8 16. Kf2 O-O 17. Be2 c6 18. b4 Kh8 19. h4 Rc8 20. Rhd1 Rfd8
21. g3 Qe7 22. Rb2 b6 23. Rbd2 g6 24. Bf3 Kg7 25. Qb3 b5 26. Rd4 a5 27. bxa5
Qa7 28. Bxd5 Rxd5 29. Qc3 Qa6 30. Rc1 Kf7 31. Rxd5 exd5 32. Qb4 Rd8 33. Rc2 d4
34. exd4 Qa7 35. Ke3 c5 36. Qxc5 Qa8 37. Qc7+ Kg8 38. Rc6 b4 39. a6 b3 40. axb3
Rb8 41. a7 1-0

[Event "I LIGA CS 2016"]
[Site "Kragujevac"]
[Date "2016.09.13"]
[Round "5.11"]
[White "Nikolic, Dragovan"]
[Black "Ravic, Nenad"]
[Result "1/2-1/2"]
[WhiteElo "2227"]
[BlackElo "2282"]
[PlyCount "47"]
[EventDate "2016.??.??"]
[WhiteClock "1:00:27"]
[BlackClock "0:24:58"]

1. d4 Nf6 2. Nf3 g6 3. Bf4 Bg7 4. e3 d6 5. h3 O-O 6. Be2 Nfd7 7. e4 e5 8. dxe5
dxe5 9. Bg5 Qe8 10. Nc3 c6 11. Qd6 f6 12. Bc4+ Kh8 13. Be3 Nb6 14. Bb3 Qd7 15.
O-O-O Na6 16. Na4 Nxa4 17. Bxa4 Qxd6 18. Rxd6 f5 19. exf5 gxf5 20. g3 f4 21.
gxf4 exf4 22. Bd4 Bxd4 23. Rxd4 Nc5 24. Bb3 1/2-1/2

[Event "I LIGA CS 2016"]
[Site "Kragujevac"]
[Date "2016.09.13"]
[Round "5.12"]
[White "Elez, Nikola"]
[Black "Vuckovic, Branko"]
[Result "0-1"]
[WhiteElo "2211"]
[BlackElo "2263"]
[PlyCount "68"]
[EventDate "2016.??.??"]
[WhiteClock "0:00:33"]
[BlackClock "0:13:36"]

1. e4 Nf6 2. e5 Nd5 3. Nc3 Nxc3 4. dxc3 d5 5. Nf3 c5 6. Bf4 Nc6 7. Qe2 Bg4 8.
h3 Bxf3 9. Qxf3 e6 10. h4 a6 11. O-O-O b5 12. h5 h6 13. Qg3 Qc7 14. Be2 c4 15.
Bf3 O-O-O 16. Rh4 Qa5 17. Kb1 b4 18. cxb4 Nxb4 19. a3 Nc6 20. Bd2 Qb6 21. Ka2
Rd7 22. Rg4 Rb7 23. Bc3 Na7 24. Rxg7 Nb5 25. Bb4 Bxg7 26. Qxg7 Rd8 27. Qxh6 a5
28. Be1 Nxa3 29. Qc1 Nb5 30. Bd2 Rb8 31. h6 Qc5 32. Bg5 Qb4 33. Qd2 c3 34. Be7
Qxb2# 0-1

[Event "I LIGA CS 2016"]
[Site "Kragujevac"]
[Date "2016.09.13"]
[Round "5.15"]
[White "Todorovic, Goran N"]
[Black "Manic, Jovica"]
[Result "1-0"]
[WhiteElo "2350"]
[BlackElo "2264"]
[PlyCount "127"]
[EventDate "2016.??.??"]
[WhiteClock "0:04:18"]
[BlackClock "0:09:57"]

1. Nf3 Nf6 2. c4 c6 3. d4 d5 4. Nc3 g6 5. Bf4 Bg7 6. e3 O-O 7. Rc1 e6 8. Bd3
Nbd7 9. h3 Re8 10. Bh2 b6 11. cxd5 exd5 12. Qc2 Bb7 13. O-O Qe7 14. Rfd1 a6 15.
Na4 Rac8 16. Qb3 Qd8 17. Ne5 Nxe5 18. Bxe5 Nd7 19. Bxg7 Kxg7 20. Rc3 Rb8 21.
Rdc1 h5 22. Qd1 a5 23. Qf3 Nf6 24. Qg3 Ba8 25. a3 Qe7 26. Rb1 c5 27. dxc5 Ne4
28. Qf4 Nxc3 29. bxc3 b5 30. Qd4+ f6 31. Nb6 Bc6 32. Bxb5 Qe6 33. a4 Rb7 34.
Rd1 Rc7 35. Nxd5 Rd7 36. c4 Rc8 37. f4 Kf7 38. e4 f5 39. e5 Rcd8 40. Kh2 Re8
41. h4 Rc8 42. Rd2 Rcd8 43. Qe3 Re8 44. Qg3 Rc8 45. Qe3 Re8 46. Bxc6 Qxc6 47.
Rb2 Qxa4 48. Rb6 Re6 49. Rxe6 Kxe6 50. Nb6 Qc6 51. Nxd7 Qxd7 52. Qf3 Qd4 53.
Qc6+ Ke7 54. Qf6+ Ke8 55. Qxg6+ Ke7 56. Qf6+ Ke8 57. Qxf5 Qxc5 58. Qxh5+ Kf8
59. Qf5+ Ke8 60. Qe6+ Kd8 61. Qd5+ Qxd5 62. cxd5 a4 63. h5 Ke8 64. h6 1-0

[Event "I LIGA CS 2016"]
[Site "Kragujevac"]
[Date "2016.09.13"]
[Round "5.16"]
[White "Jovanovic, Bojan P"]
[Black "Rajkovic, Dusan"]
[Result "0-1"]
[WhiteElo "2236"]
[BlackElo "2367"]
[PlyCount "71"]
[EventDate "2016.??.??"]
[WhiteClock "0:00:45"]
[BlackClock "0:33:57"]

1. d4 Nf6 2. c4 e6 3. Nf3 b6 4. g3 Bb7 5. Bg2 Be7 6. Nc3 O-O 7. Qc2 c6 8. e4 d5
9. e5 Ne8 10. h4 h6 11. cxd5 cxd5 12. Be3 Nc6 13. a3 Rc8 14. Ng5 hxg5 15. hxg5
g6 16. f4 Kg7 17. Bf3 Rh8 18. Rxh8 Kxh8 19. Qh2+ Kg8 20. Kf2 Bf8 21. g4 Ne7 22.
Be2 Bg7 23. Bd3 Qd7 24. Ne2 Qa4 25. Kf3 Ba6 26. b3 Qa5 27. f5 exf5 28. gxf5
Bxd3 29. f6 Rc2 30. fxe7 Rxe2 31. Qh4 Qc3 32. Rg1 Rxe3+ 33. Kxe3 Be4+ 34. Ke2
Qxd4 35. Rg3 Bd3+ 36. Ke1 0-1

[Event "I LIGA CS 2016"]
[Site "Kragujevac"]
[Date "2016.09.13"]
[Round "5.17"]
[White "Stankovic, Dragan P"]
[Black "Arandjelovic, Aleksandar Z"]
[Result "1-0"]
[WhiteElo "2208"]
[BlackElo "2049"]
[PlyCount "102"]
[EventDate "2016.??.??"]

1. d4 c5 2. d5 e5 3. Nc3 d6 4. e4 Be7 5. Nf3 Bg4 6. Bb5+ Kf8 7. a4 Bxf3 8. Qxf3
Bg5 9. Bxg5 Qxg5 10. a5 a6 11. Be2 Nd7 12. g3 h5 13. h4 Qf6 14. Qe3 Ne7 15. Na4
Rb8 16. b4 cxb4 17. Rb1 g6 18. Rxb4 Kg7 19. O-O Rhc8 20. Rfb1 Nc5 21. Nxc5 Rxc5
22. Bxa6 Ra8 23. Bd3 Rcxa5 24. Rxb7 Ng8 25. Kg2 Nh6 26. Qg5 Rd8 27. Rc7 Rc5 28.
Rxc5 dxc5 29. Qxf6+ Kxf6 30. Rb6+ Ke7 31. Rc6 Rd6 32. Rxc5 f5 33. Rc7+ Rd7 34.
Rxd7+ Kxd7 35. exf5 gxf5 36. Be2 Kd6 37. c4 e4 38. Bxh5 Kc5 39. Be2 Kd6 40. f3
exf3+ 41. Bxf3 Nf7 42. Kf2 Kc5 43. Be2 Kd4 44. Kf3 Ke5 45. Ke3 Nd6 46. h5 Ne4
47. h6 Kf6 48. Kf4 Ng5 49. Bf1 Kg6 50. Bd3 Nf7 51. Bxf5+ Kxh6 1-0

[Event "I liga CS 2016."]
[Site "Kragujevac,hotel Sumarice"]
[Date "2016.09.13"]
[Round "5.4"]
[White "Manic, Ljubomir"]
[Black "Milosevic, Boban"]
[Result "1/2-1/2"]
[WhiteElo "2152"]
[BlackElo "2283"]
[PlyCount "40"]
[EventDate "2016.09.10"]

1. Nf3 Nf6 2. b3 g6 3. Bb2 Bg7 4. e3 O-O 5. Be2 b6 6. O-O Bb7 7. d4 d6 8. Nbd2
Nbd7 9. h3 a5 10. c4 a4 11. Qc2 c5 12. d5 a3 13. Bc3 b5 14. Rab1 b4 15. Ba1 e6
16. e4 e5 17. Ne1 Qe7 18. Nd3 Rae8 19. Rbe1 Bc8 20. Bd1 g5 1/2-1/2

[Event "I liga CS 2016."]
[Site "Kragujevac,hotel Sumarice"]
[Date "2016.09.13"]
[Round "5.5"]
[White "Dimitrov, Radoslav"]
[Black "Lalic, Bogdan"]
[Result "1/2-1/2"]
[WhiteElo "2489"]
[BlackElo "2434"]
[PlyCount "40"]
[EventDate "2016.09.10"]

1. c4 e5 2. g3 Nf6 3. Bg2 h6 4. Nc3 Bb4 5. e4 Bxc3 6. bxc3 O-O 7. Ne2 Re8 8. d3
c6 9. f4 d6 10. O-O Na6 11. h3 Nc5 12. g4 exf4 13. Bxf4 h5 14. g5 Nh7 15. Qd2
Ne6 16. h4 Nxf4 17. Nxf4 Bg4 18. d4 Nf8 19. Nd3 Ng6 20. Qf2 Rf8 1/2-1/2

[Event "I liga CS 2016."]
[Site "Kragujevac,hotel Sumarice"]
[Date "2016.09.13"]
[Round "5.5"]
[White "Peric, Slavisa"]
[Black "Zivkovic, Nemanja"]
[Result "1-0"]
[WhiteElo "2160"]
[BlackElo "2260"]
[PlyCount "81"]
[EventDate "2016.09.10"]

1. d4 Nf6 2. Nf3 e6 3. c4 b6 4. g3 Ba6 5. Qb3 Nc6 6. Nbd2 Na5 7. Qc3 c5 8. dxc5
bxc5 9. e4 Bb7 10. e5 Ne4 11. Nxe4 Bxe4 12. Bg2 Be7 13. O-O O-O 14. Re1 Bb7 15.
b3 Qc7 16. Bb2 Nc6 17. Qe3 a5 18. Bc3 a4 19. Rad1 axb3 20. axb3 Rab8 21. Rd3
Ba8 22. Nd2 Rfd8 23. Ra1 h6 24. h4 Bb7 25. f4 Nb4 26. Bxb4 cxb4 27. Qe2 Bc5+
28. Kh2 d6 29. Bxb7 Rxb7 30. Ne4 d5 31. cxd5 exd5 32. Rad1 Rb5 33. R3d2 Qb6 34.
Kg2 Be3 35. Rd3 d4 36. Rxe3 dxe3 37. Rxd8+ Qxd8 38. Qxb5 Qd1 39. Qe8+ Kh7 40.
Qxf7 Qc2+ 41. Kf3 1-0

[Event "I liga CS 2016."]
[Site "Kragujevac,hotel Sumarice"]
[Date "2016.09.13"]
[Round "5.5"]
[White "Stankovic, Ivan G"]
[Black "Maksimovic, Branimir"]
[Result "0-1"]
[WhiteElo "2293"]
[BlackElo "2341"]
[PlyCount "68"]
[EventDate "2016.09.10"]

1. e4 e6 2. d3 d5 3. Qe2 Nf6 4. Nf3 Be7 5. e5 Nfd7 6. g3 b5 7. Bg2 O-O 8. O-O
b4 9. c4 bxc3 10. bxc3 Ba6 11. Rd1 Nc5 12. Qc2 Nc6 13. h4 h6 14. Bf4 Rb8 15.
Nh2 Nd7 16. d4 Na5 17. Qc1 Be2 18. Re1 Bd3 19. Qe3 Bf5 20. Qf3 Nc4 21. Bf1 Ndb6
22. Ng4 h5 23. Ne3 Nxe3 24. Qxe3 Qd7 25. Nd2 Na4 26. Nf3 Rb2 27. Bg5 Rfb8 28.
Bd3 Bf8 29. Bxf5 exf5 30. Bf6 R2b6 31. Qg5 Nxc3 32. e6 Rxe6 33. Ne5 Qe8 34. Qf4
gxf6 0-1

[Event "I liga CS 2016."]
[Site "Kragujevac,hotel Sumarice"]
[Date "2016.09.13"]
[Round "5.5"]
[White "Panic, Nenad"]
[Black "Milosevic, Aleksandar"]
[Result "1/2-1/2"]
[WhiteElo "2340"]
[BlackElo "2269"]
[PlyCount "55"]
[EventDate "2016.09.10"]

1. d4 Nf6 2. Nf3 e6 3. Bf4 Nh5 4. Bd2 d5 5. c4 c6 6. Nc3 f5 7. e3 Nf6 8. Bd3
Be7 9. h3 O-O 10. g4 Ne4 11. gxf5 exf5 12. Qb3 Nxc3 13. bxc3 Kh8 14. h4 dxc4
15. Bxc4 Nd7 16. h5 Bf6 17. Qc2 Nb6 18. Bd3 c5 19. dxc5 Qd5 20. Ke2 Qxc5 21.
Nh4 Bg5 22. Nf3 Bh6 23. Nd4 Bd7 24. f4 Rac8 25. Rac1 Nd5 26. Qb3 Rce8 27. Kf2
Bc6 28. Rh3 1/2-1/2

[Event "I liga CS 2016."]
[Site "Kragujevac,hotel Sumarice"]
[Date "2016.09.13"]
[Round "5.5"]
[White "Vlahovic, Bogdan"]
[Black "Ilic, Dragan M"]
[Result "1/2-1/2"]
[WhiteElo "2312"]
[BlackElo "2333"]
[PlyCount "27"]
[EventDate "2016.09.10"]

1. Nf3 e6 2. b3 f5 3. Bb2 Nf6 4. g3 d5 5. Bg2 Bd6 6. O-O O-O 7. e3 c6 8. d4
Nbd7 9. Nbd2 b6 10. c4 Qe7 11. Rc1 Bb7 12. Qe2 a5 13. a4 Rfc8 14. Rfd1 1/2-1/2

[Event "I liga CS 2016."]
[Site "Kragujevac,hotel Sumarice"]
[Date "2016.09.13"]
[Round "5.5"]
[White "Zivkovic, Vladislav"]
[Black "Krstic, Ranko"]
[Result "1-0"]
[WhiteElo "2166"]
[BlackElo "2206"]
[PlyCount "57"]
[EventDate "2016.09.10"]

1. c4 Nf6 2. g3 g6 3. Bg2 Bg7 4. Nc3 O-O 5. e4 d6 6. Nge2 e5 7. d3 c5 8. O-O
Nc6 9. h3 Be6 10. Nd5 Bxd5 11. cxd5 Nd4 12. Nxd4 cxd4 13. Qb3 Nd7 14. Qa3 Qb6
15. Bg5 Rfc8 16. Rfc1 h6 17. Bd2 Bf8 18. b4 a6 19. h4 Qb5 20. Bh3 Rxc1+ 21.
Rxc1 Rd8 22. Rc7 Nf6 23. Bc8 Rxc8 24. Rxc8 Qd7 25. Qc1 Qh3 26. Bxh6 Ng4 27.
Rxf8+ Kh7 28. Rxf7+ Kg8 29. Rg7+ 1-0

[Event "I liga CS 2016."]
[Site "Kragujevac,hotel Sumarice"]
[Date "2016.09.13"]
[Round "5.6"]
[White "Stankovic, Milos"]
[Black "Cvetkovic, Zoran"]
[Result "1-0"]
[WhiteElo "2410"]
[BlackElo "1728"]
[PlyCount "45"]
[EventDate "2016.09.10"]

1. e4 c5 2. Nf3 Nc6 3. d4 cxd4 4. Nxd4 Nxd4 5. Qxd4 d6 6. f4 Bd7 7. Nc3 e6 8.
Be3 a6 9. O-O-O Bc6 10. Bc4 Qc7 11. Rhf1 Rd8 12. g4 Nf6 13. Be2 b5 14. Bf3 Nd7
15. Rfe1 Nc5 16. Kb1 Rb8 17. Bf2 b4 18. Nd5 Qb7 19. f5 e5 20. Qc4 a5 21. Bxc5
dxc5 22. f6 Bb5 23. Qxb5+ 1-0